000 00417nam a2200157Ia 4500
008 151213s9999 xx 000 0 und d
100 _aE.H.Sutherland & D.R. Crassey
245 _aP. Criminology
_cE.H.Sutherland & D.R. Crassey
250 _a6th
260 _aNew York
_bJ.B.Lippincott Com.
_c1960
300 _a6670 p.
650 _aLaw
650 _aLaw
700 _aE.H.Sutherland & D.R. Crassey
999 _c3663
_d3663